000 00316nam a2200121Ia 4500
008 240731s9999 xx 000 0 und d
022 _a2325-6214
245 0 _aCoevolution : An Open Access Journal
260 _bTaylor & Francis
856 _uhttps://www.tandfonline.com/loi/tcev20
942 _2ddc
942 _cTFEJ
999 _c75927
_d75927
945 _a1
_bMadushi Gamage
_c1
_dMadushi Gamage